000 00705nam a2200205 4500
003 LK-CoMWRAF
005 20231213114645.0
008 231213b |||||||| |||| 00| 0 eng d
020 _a9789558978153
040 _aLK-CoMWRAF
_dLK-CoMWRAF
_eLK-CoMWRAF
041 _asin
082 _a305.4
_bKUT
100 _aකුතුබ්, මුහම්මද්
245 _aඉස්ලාමය හා කාන්තාව
246 _aIslamaya ha kanthawa
260 _aකොළඹ :
_bහිරා තොරතුරු මධ්‍යස්ථානය,
_c2012
650 _aඉස්ලාමය හා කාන්තාව
700 _aරහ්බි, එම්. යූ.
_etrans.
942 _cBK
999 _c4401
_d4401